MAASAI MARA UNIVERSITY

LIBRARY CATALOGUE

Contact Us: +254 020 2685356/7 or 0774 057787

Box: 861-20500, NAROK, KENYA

Email: info@mmarau.ac.ke

Craig's restorative dental materials / (Record no. 32608)

MARC details
000 -LEADER
fixed length control field 01050nam a22002897a 4500
003 - CONTROL NUMBER IDENTIFIER
control field OSt
005 - DATE AND TIME OF LATEST TRANSACTION
control field 20230630031249.0
008 - FIXED-LENGTH DATA ELEMENTS--GENERAL INFORMATION
fixed length control field 230630b |||||||| |||| 00| 0 eng d
020 ## - INTERNATIONAL STANDARD BOOK NUMBER
International Standard Book Number 9788131255070
040 ## - CATALOGING SOURCE
Original cataloging agency MMU
Language of cataloging eng
Transcribing agency MMU
Modifying agency MMU
050 00 - LIBRARY OF CONGRESS CALL NUMBER
Classification number RK652.5
Item number .P47 2019
060 00 - NATIONAL LIBRARY OF MEDICINE CALL NUMBER
Classification number WU 190
082 00 - DEWEY DECIMAL CLASSIFICATION NUMBER
Classification number 617.6/95
Edition number 23
100 ## - MAIN ENTRY--PERSONAL NAME
Personal name Edited by Sakaguchi ron
245 10 - TITLE STATEMENT
Title Craig's restorative dental materials /
Statement of responsibility, etc. edited by Ronald Sakaguchi, DDS, MS, PhD, MBA, Jack Ferracane, PhD, John Powers, PhD.
260 ## - PUBLICATION, DISTRIBUTION, ETC. (IMPRINT)
Place of publication, distribution, etc. St. Louis, Missouri:
Name of publisher, distributor, etc. Elsevier,
Date of publication, distribution, etc. 2019.
300 ## - PHYSICAL DESCRIPTION
Extent xii, 340 pages :
Other physical details illustrations (some color) ;
Dimensions 26 cm
500 ## - GENERAL NOTE
General note Earliest editions bear the title: Restorative dental materials.
504 ## - BIBLIOGRAPHY, ETC. NOTE
Bibliography, etc Includes bibliographical references and index.
650 #0 - SUBJECT ADDED ENTRY--TOPICAL TERM
Topical term or geographic name as entry element Dental materials.
650 12 - SUBJECT ADDED ENTRY--TOPICAL TERM
Topical term or geographic name as entry element Dental Materials
650 22 - SUBJECT ADDED ENTRY--TOPICAL TERM
Topical term or geographic name as entry element Dental Atraumatic Restorative Treatment
700 1# - ADDED ENTRY--PERSONAL NAME
Personal name Sakaguchi, Ronald L.,
Relator term editor.
700 1# - ADDED ENTRY--PERSONAL NAME
Personal name Ferracane, Jack L.,
Relator term editor.
700 1# - ADDED ENTRY--PERSONAL NAME
Personal name Powers, John M.,
Dates associated with a name 1946-
Relator term editor.
942 ## - ADDED ENTRY ELEMENTS (KOHA)
Source of classification or shelving scheme Library of Congress Classification
Koha item type L
Holdings
Withdrawn status Lost status Source of classification or shelving scheme Damaged status Not for loan Home library Current library Date acquired Source of acquisition Cost, normal purchase price Total Checkouts Full call number Barcode Date last seen Price effective from Koha item type
    Library of Congress Classification     Maasai Mara University Library -Main Campus Maasai Mara University Library -Main Campus 06/30/2023 Purchased 4750.00   RK652.5.P47 2019 23039262 06/30/2023 06/30/2023 L
    Library of Congress Classification     Maasai Mara University Library -Main Campus Maasai Mara University Library -Main Campus 06/30/2023 Purchased 4750.00   RK652.5.P47 2019 23039261 06/30/2023 06/30/2023 L
    Library of Congress Classification     Maasai Mara University Library -Main Campus Maasai Mara University Library -Main Campus 06/30/2023 Purchased 4750.00   RK652.5.P47 2019 23039260 06/30/2023 06/30/2023 L
© 2016 Maasai Mara University.